Sports Quiz

Random Sports or World Quiz

Top 50 soccer stadiums Quiz Stats

 Plays Quiz not verified by Sporcle

Challenge
Share
Tweet
Embed
Score 0/50 Timer 08:00
0 Plays Today
Location Stadium % Correct
Barcelona, SpainCamp Nou
86.9%
London, EnglandWembley Stadium
84.1%
Manchester, EnglandOld Trafford
73.4%
Milan, ItalyStadio Guiseppe Meazza
65.8%
Madrid, SpainEstadio Santiago Bernabeu
55.5%
Munich, GermanyAllianz Arena
49.4%
Rio de Janeiro, BrazilMaracana
49.2%
Paris, FranceStade de France
40.2%
Mexico City, MexicoAzteca
39.2%
Athens, GreeceAthens Olympic Stadium
36.1%
Guangzhou, ChinaGuangdong Olympic Stadium
35.6%
Rome, ItalyStadio Olimpico
28.5%
Johannesburg, South AfricaSoccer City
27.2%
Cardiff, WalesMillennium Stadium
25.5%
Dublin, IrelandCroke Park
24.3%
Moscow, RussiaLuzhniki Stadium
16.6%
Berlin, GermanyOlympiastadion
16.1%
Melbourne, AustraliaMelbourne Cricket Ground
16.1%
Naples, ItalyStadio San Paolo
13.7%
Istanbul, TurkeyAtaturk Olympic Stadium
12.8%
East Rutherford, USAGiants Stadium
9.2%
Foxborough, USAGillette Stadium
9%
Kansas City, USAArrowhead Stadium
6.9%
Yokohama, JapanInternational Stadium Yokohama
4.7%
Kolkata, IndiaSalt Lake Stadium
4.6%
Location Stadium % Correct
Pyongyang, North KoreaRungrado May Day Stadium
4.2%
Seattle, USAQwest Field
3.9%
Sydney, AustraliaStadium Australia
3.5%
Sao Paulo, BrazilEstadio do Morumbi
3.5%
Beijing, ChinaBeijing National Stadium
3.2%
Belo Horizonte, BrazilMineirao
2.8%
Lima, PeruEstadio Monumental
2.5%
Beijing, ChinaWorkers Stadium
2.5%
Tehran, IranAzadi Stadium
2.3%
Cairo, EgyptCairo International Stadium
1.7%
Daegu, South KoreaDaegu World Cup Stadium
1.7%
Budapest, HungaryStadium Puskas Ferenc
1.4%
Seoul, South KoreaSeoul World Cup Stadium
1.4%
Riyadh, Saudi ArabiaKing Fahd International Stadium
1.2%
Kuala Lumpur, MalaysiaBukit Jalil National Stadium
1.1%
Jakarta, IndonesiaBung Karno Stadium
0.9%
Sao Luis, BrazilCastelao
0.7%
Shah Alam, MalaysiaShah Alam Stadium
0.7%
New Delhi, IndiaJawaharlal Nehru Stadium
0.7%
Kiev, UkraineOlimpiysky National Sports Complex
0.5%
Alexandria, EgyptEgyptian Army Stadium
0.4%
Kinshasa, DR CongoStade des Martyrs
0.2%
Shanghai, ChinaShanghai National Stadium
0.2%
Tabriz, IranYadegar-e-Emam Stadium
0.2%
Algiers, AlgeriaStade 5 Juillet 1962
0.2%

You're not logged in!

Compare scores with friends on all Sporcle quizzes.
Join for Free
OR
Log In

You Might Also Like...

Show Comments

Extras

Top Quizzes Today


Score Distribution

Your Account Isn't Verified!

In order to create a playlist on Sporcle, you need to verify the email address you used during registration. Go to your Sporcle Settings to finish the process.

Report this User

Report this user for behavior that violates our Community Guidelines.

Details: